000 00647nam a2200205Ia 4500
008 191130s2006##################000#0#eng##
020 _a9780324658644
040 _aACL
_cACL
082 _a650.01513 BRE
100 _aBrechner, Robert A
245 _aContemporary mathematics for business and consumers : brief
_cRobert A. Brechner
250 _a5th ed
260 _aMason, Ohio
_bThomson/South-Western
_cc2006
300 _axxix, 522, [20] p. : ill. ; 28 cm
500 _aIncludes index
650 _aBusiness mathematics - Problems, exercises, etc
990 _ac12b1223ac10000c0aa384d02c85cdaa
991 _a357453
999 _c253158
_d253158